Trade Competitiveness Diagnostic Toolkit / (Record no. 1351)

000 -LEADER
fixed length control field 00621nam a2200217 a 4500
008 - FIXED-LENGTH DATA ELEMENTS--GENERAL INFORMATION
fixed length control field 191220t2012 xxua|||g |||| 00| 0 eng d
020 ## - INTERNATIONAL STANDARD BOOK NUMBER
International Standard Book Number 9780821389379
Terms of availability $ 39.95
040 ## - CATALOGING SOURCE
Original cataloging agency IMU Kochi Library
Language of cataloging eng
041 0# - LANGUAGE CODE
Language code of text/sound track or separate title eng
044 ## - COUNTRY OF PUBLISHING/PRODUCING ENTITY CODE
MARC country code United States
082 04 - DEWEY DECIMAL CLASSIFICATION NUMBER
Edition number 23
Classification number 382.63
Item number R2773
100 1# - MAIN ENTRY--PERSONAL NAME
Personal name Reis, Jose Guilherme
245 10 - TITLE STATEMENT
Title Trade Competitiveness Diagnostic Toolkit /
260 ## - PUBLICATION, DISTRIBUTION, ETC. (IMPRINT)
Place of publication, distribution, etc Washington DC :
Name of publisher, distributor, etc The World Bank ,
Date of publication, distribution, etc 2012.
300 ## - PHYSICAL DESCRIPTION
Extent xviii, 198 p. :
Other physical details ill. ;
Dimensions 28 cm
650 #0 - SUBJECT ADDED ENTRY--TOPICAL TERM
Topical term or geographic name as entry element Foreign trade promotion
700 ## - ADDED ENTRY--PERSONAL NAME
Personal name Farole, Thomas
Relator term Joint Author
852 ## - LOCATION/CALL NUMBER
Location IMU Kochi Library
904 ## - LOCAL DATA ELEMENT D, LDD (RLIN)
CATALOGER Akhil Bose
942 ## - ADDED ENTRY ELEMENTS (KOHA)
Item type Books
Holdings
Withdrawn status Lost status Source of classification or shelving scheme Damaged status Not for loan Collection code Permanent location Current location Shelving location Date acquired Source of acquisition Cost, normal purchase price Full call number Barcode Date last seen Koha item type Public note
          Management Studies IMU Kochi Library IMU Kochi Library Reference 2013-08-27 M/s Unique Book Store (Inv. No.2013/468 dt. 2013-08-23) 2660.67 382.63 R2773 BK002536 2019-12-20 Books Shelf-22, Row-5


Copyright © All Rights Reserved by Indian Maritime University, Kochi Campus.
For any Suggestions/Query Contact to library or Email: library.kochi@imu.ac.in Ph:(0484)-2989402
(Web OPAC Designed by Rudra Ranjan. Maintained by IMU Kochi Library)

Powered by Koha